El problema de la colonización : (Record no. 34413)

MARC details
000 -LEADER
campo de control de longitud fija 01011nam a2200241 i 4500
001 - NÚMERO DE CONTROL
campo de control 34413
003 - IDENTIFICADOR DE NÚMERO DE CONTROL
campo de control ES-MaACL
005 - FECHA Y HORA DE LA ÚLTIMA TRANSACCIÓN
campo de control 20250929063102.0
007 - CAMPO FIJO DE DESCRIPCIÓN FÍSICA--INFORMACIÓN GENERAL
campo de control de longitud fija t|
008 - DATOS DE LONGITUD FIJA--INFORMACIÓN GENERAL
campo de control de longitud fija 030207s1945 sp ||||1| spa d
100 1# - ENTRADA PRINCIPAL--NOMBRE DE PERSONA
Nombre de persona Bonelli Rubio, Juan María,
Fechas asociadas al nombre 1904-1981
9 (RLIN) 30103
245 13 - MENCIÓN DEL TÍTULO
Título El problema de la colonización :
Resto del título conferencia [pronunciada el día 18 de diciembre de 1944 en el Consejo de Investigaciones Científicas] /
Mención de responsabilidad, etc. por Juan María Bonelli Rubio.
260 ## - PUBLICACIÓN, DISTRIBUCIÓN, ETC.
Lugar de publicación, distribución, etc. Madrid :
Nombre del editor, distribuidor, etc. [Dirección General de Marruecos y Colonias,
Fecha de publicación, distribución, etc. 1945] (
Fabricante Imp. S. Aguirre)
300 ## - DESCRIPCIÓN FÍSICA
Extensión 15 p. ;
Dimensiones 25 cm.
490 1# - MENCIÓN DE SERIE
Mención de serie Curso sobre África española
650 #7 - PUNTO DE ACCESO ADICIONAL DE MATERIA--TÉRMINO DE MATERIA
Término de materia o nombre geográfico como elemento de entrada Colonización
Fuente del encabezamiento o término
9 (RLIN) 135791
651 #4 - PUNTO DE ACCESO ADICIONAL DE MATERIA--NOMBRE GEOGRÁFICO
Nombre geográfico Guinea Ecuatorial-
Subdivisión general Administración.
9 (RLIN) 146007
710 2# - ENTRADA AGREGADA--NOMBRE DE ENTIDAD CORPORATIVA
Nombre de entidad corporativa o nombre de jurisdicción como elemento de entrada Consejo Superior de Investigaciones Científicas (España)
9 (RLIN) 3236
710 1# - ENTRADA AGREGADA--NOMBRE DE ENTIDAD CORPORATIVA
Nombre de entidad corporativa o nombre de jurisdicción como elemento de entrada España.
Unidad subordinada Dirección General de Marruecos y Colonias.
9 (RLIN) 3752
830 1# - PUNTO DE ACCESO ADICIONAL DE SERIE-TÍTULO UNIFORME
Título uniforme Curso sobre África española
9 (RLIN) 181513
852 ## - LOCALIZACIÓN
Ubicación ES-MaACL
Número de control de estantería 1880-F-10
Holdings
Estatus retirado Estado de pérdida Estado de daño No para préstamo Colección Biblioteca de origen Biblioteca actual Ubicación en estantería Fecha de adquisición Fuente de adquisición Total de préstamos Signatura topográfica completa Código de barras Visto por última vez Precio de reemplazo Tipo de ítem Koha
        Colección de folletos Biblioteca del Ateneo de Madrid Biblioteca del Ateneo de Madrid Depósito folletos 17/01/2008     1880-F-10 1035894 23/02/2023 23/02/2023 Folleto